000 00705nam a2200241Ia 4500
003 OSt
005 20220918222854.0
006 a|||||r|||| 00| 0
007 ta
008 220917b |||||||| |||| 00| 0 eng d
024 _a219,214
037 _cTextual
040 _aARTS
_cARTS
_beng
041 _2eng
_aeng
082 _a2:(D65,8[B]):8, P3(2D)
100 _aRamesh Babu B. ...[..et..al...] Ed.
_9144299
245 0 _aKnowledge management
_b Today and tomorrow
260 _aNew Delhi
_bEss Ess pub.
_c2003
300 _a412p
_ccm.
650 _aLIBRARY SCIENCE
942 _h2:(D65,8[B]):8, P3(2D)
_cTEXL
_2CC
999 _c276707
_d276707